| 000 | 03314nam a2200325Ia 4500 | ||
|---|---|---|---|
| 001 | Para_10486 | ||
| 003 | OSt | ||
| 005 | 20250217144631.0 | ||
| 008 | 220602s9999 xx 000 0 und d | ||
| 020 | _a978 - 84 - 9035 - 279 - 3 | ||
| 040 | _cPA | ||
| 082 |
_aPA 576 _bM33 2015 |
||
| 100 |
_aMadigan, Michael T. _969687 |
||
| 245 |
_aBrock. Biología de los microorganismos / _cMichael T. Madigan... [et al.] ; traducción: Ricardo Guerrero ... [et al.]. |
||
| 250 | _a14a edición | ||
| 260 | _aEspaña : Person Education | ||
| 264 |
_aEspaña : _bPearson Educación, _c2015 |
||
| 300 | _axxx, 1099 p. | ||
| 500 | _aTraducción de: Brock biology of microorganismos. \ Incluye referencias bibliográficas e índice. | ||
| 505 | _g"UNIDAD 1. Principios de microbiología -- 1. Microorganismos y microbiología -- 2. Estructura y funciones de las células microbianas -- 3. Metabolismo microbiano -- 4. Microbiología molecular -- 5. Crecimiento y control microbianos -- UNIDAD 2. Genómica, genética y virología -- 6. Genómica microbiana -- 7. Regulación del metabolismo -- 8. Virus y virología -- 9. Genomas víricos y diversidad -- 10. Genética de Bacteria y Archaea -- 11. Ingeniería genética y biotecnología -- UNIDAD 3. Diversidad microbiana -- 12. Evolución y sistemática microbianas -- 13. Diversidad metabólica de los microorganismos -- 14. Diversidad funcional en Bacteria -- 15. Diversidad en Bacteria -- 16. Diversidad en Archaea -- 17. Diversidad de los microorganismos eucariotas -- UNIDAD 4. Ecología microbiana y microbiología ambiental -- 18. Métodos de estudio en ecología microbiana -- 19. Ecosistemas microbianos -- 20. Ciclos de los nutrientes -- 21. Microbiología del ambiente antropizado -- 22. Simbiosis microbianas -- UNIDAD 5. Patogenia e inmunología -- 23. Interacciones microbianas con los humanos -- 24. Inmunidad y defensa del hospedador -- 25. Mecanismos inmunitarios -- 26. Inmunología molecular -- 27. Microbiología diagnóstica -- UNIDAD 6. Enfermedades infecciosas y su transmisión -- 28. Epidemiología -- 29. Enfermedades bacterianas y víricas de contagio persona a persona -- 30. Enfermedades bacterianas y víricas transmitidas por insectos vectores o de transmisión edáfica -- 31. El agua y los alimentos como vehículos de enfermedades bacterianas -- 32. Patógenos eucariotas: enfermedades fúngicas y parasitarias". | ||
| 520 | _aEsta nueva edición de Biología de los Microorganismos está reorganizada con imaginación, guía al estudiante a través de los seis principales temas de la microbiología del siglo XXI. Estos seis temas son Evolución, Estructura y Función celular, Vías metabólicas, Flujo de información y Genética, Sistemas microbianos, e Impacto de los microorganismos. Con un trabajo artístico mejorado y revisado con imágenes y con cerca de 200 fotografías nuevas en color, el libro presenta la microbiología como la ciencia visual que es. | ||
| 650 |
_a1.Microobiologia _9150554 |
||
| 650 | 7 |
_aMicroorganismos _975519 |
|
| 650 |
_aBiología Celular _9139482 |
||
| 700 |
_aGuerrero, Ricardo _9139401 _etr. |
||
| 901 | _aPA 576 M33 2015 | ||
| 902 | _aM | ||
| 905 | _a5232222015 sp a 8000000300spa06 | ||
| 942 |
_cLIBRO _2ddc |
||
| 999 |
_c217285 _d217285 |
||